| 000 | 00000nam##2200000za#4500 |
| 001 | 9.670313 |
| 003 | CaOODSP |
| 005 | 20210615125419 |
| 007 | ta |
| 008 | 150407|2008||||xxc||||| f|0| 0 eng|d |
| 020 | |a978-0-662-05866-3 |
| 040 | |aCaOODSP|beng |
| 041 | |aeng |
| 041 | |afre |
| 043 | |an-cn--- |
| 086 | 1 |aV32-207/2008 |
| 110 | 1 |aCanada. |bVeterans Affairs Canada. |
| 245 | 10|aCanada remembers - "The last hundred days" |
| 260 | |aCharlottetown - Prince Edward Island : |bVeterans Affairs Canada |cc2008. |
| 300 | |a1 folded sheet (English text, [3]p.) : |bphotographs ; |c28 cm. |
| 500 | |aIncorrect catalogue numbers (V32-207/2008E and V32-207/2008F) and ISBNs (978-1-100-10246-7 and 978-0-662-04486-4) copied in this electronic publication. |
| 563 | |aPamphlet |
| 590 | |a09-50|b2009-12-11 |
| 690 | 07|aWorld war, 1914-1918|2gcpds |
| 776 | 0#|tLe Canada se souvient - les « Cent jours du Canada » |w(CaOODSP)9.635563 |
| 776 | 0#|tCanada remembers - "The last hundred days" |w(CaOODSP)9.691229 |
| 792 | |tLe Canada se souvient - les « Cent jours du Canada » |efre|w(CaOODSP)9.670314 |